000 00351cam a22001217a 4500
008 180718b1941 xxu||||| |||| 00| 0 eng d
082 _aG93x54 B759
100 _aAiyangar, K.V. Rangaswami
245 _aBrhaspatismrti(reconstructed)
_cby K.V. Rangaswami Aiyangar
260 _aBaroda
_bOrienta;Institute
_c1941
300 _a546p.
650 _aLaw, Hindu
999 _c360579
_d360579